1307 1934 1658 1497 1563 1196 1524 1901 1089 1659 1990 1771 1702 1788 1129 1198 1916 1596 1058 1245 1081 1124 1440 1455 1159 1395 1946 1792 1854 1987 1093 1419 1316 1582 1107 1997 1268 1796 1146 1237 1365 1454 1799 1958 1825 1634 1130 1926 1067 1822 1334 1365 1940 1309 1411 1391 1179 1087 1090 1629 1990 1833 1316 1566 1266 1559 1206 1202 1084 1231 1058 1272 1467 1214 1404 1473 1106 1514 1063 1806 1467 1931 1288 1819 1645 1869 1673 1942 1500 1698 2000 1299 1476 1529 1893 1871 1699 1033 1934 BCNSPRNW ULIB Ver.6.0+V

เปลี่ยนเป็นภาษาไทย

Change to English
 แสดงรายละเอียดบรรณานุกรม
  กลับหน้าหลัก

Brief Record : Get Marc (ISO 2709) : E-mail record : QR code < ปิดหน้าต่าง
LEADER : 00000nam 2200000uu 4500
001    13399122126
003     ULIB
008    121228s||||||||th 000 0 tha d
090    ^aนว ท121จ ล.2
245    ^aจิตา เล่ม 2/ทมยันตี
250    ^aพิมพ์ครั้งที่ 1
260    ^aกรุงเทพฯ : ณ บ้านวรรณกรรม, 2546
300    ^a324 หน้า^b2 เล่ม ^p320 บาท
650    ^aนวนิยาย
945    ^p0^l0^i008658
999    ^aใช้งานได้ทุกระบบ
รายการนี้ยังไม่มีแท็ก
คุณยังไม่ได้ล็อกอิน คุณสามารถมีกิจกรรมร่วมกับเว็บไซต์ได้ แต่ต้องล็อกอินก่อน ::
  ล็อกอิน

รายการสื่อสารสนเทศ

ลำดับที่ ประเภท เลขเรียก/บาร์โค้ด สถานที่ สถานะ
1. นวนิยาย
นวนิยาย
นว ท121จ ล.2  
  Barcode: 008658
ห้องสมุดวิทยาเขตสวรรค์ประชารักษ์
►นวนิยาย
บนชั้น
  ขอยืม

รายการใกล้เคียง
    หัวเรื่อง [นวนิยาย]

BibComment


ยังไม่เคยถูกคอมเมนท์

คอมเมนท์ทรัพยากรรายการนี้
  คอมเมนท์: จิตา เล่ม 2ทมยันตี


 Copyright 2026. Bcnsprnw @Library